1574 1114 1459 1372 1520 1975 1512 1384 1934 1022 1498 1919 1845 1402 1279 1695 1880 1938 1295 1545 1756 1286 1269 1728 1247 1702 1121 1818 1424 1917 1268 1556 1421 1487 1804 1532 1552 1828 1489 1024 1305 1480 1347 1392 1518 1474 1921 1935 1525 1058 1453 1890 1408 1827 1272 1632 1578 1003 1410 1696 1704 1714 1201 1966 1069 1054 1614 1528 1661 1919 1206 1510 1663 1709 1908 1000 1575 1236 1363 1501 1225 1956 1500 1861 1840 1094 1330 1830 1117 1065 1943 1637 1779 1292 1074 1575 1350 1138 1015 BCNSPRNW ULIB Ver.6.0+V

เปลี่ยนเป็นภาษาไทย

Change to English
 แสดงรายละเอียดบรรณานุกรม
  กลับหน้าหลัก

Brief Record : Get Marc (ISO 2709) : E-mail record : QR code < ปิดหน้าต่าง
LEADER : 00000nam 2200000uu 4500
001    13399114660
003     ULIB
008    120427sมปป.||||th 000 0 tha d
020    ^a9786117123184
090    ^aนว.^bพ541ร
100 0  ^aพลอยภัทรา
245 00 ^aรักในม่านใน/^cพลอยภัทรา
250    ^aพิมพ์ครั้งที่ 1
260    ^aกรุงเทพฯ :^bกรีนมายด์
300    ^a359 หน้า
945    ^p249^l0^i15781
995    ^aกัณชพร
999 ^a ใช้งานได้ทุกระบบ
รายการนี้ยังไม่มีแท็ก
คุณยังไม่ได้ล็อกอิน คุณสามารถมีกิจกรรมร่วมกับเว็บไซต์ได้ แต่ต้องล็อกอินก่อน ::
  ล็อกอิน

รายการสื่อสารสนเทศ

ลำดับที่ ประเภท เลขเรียก/บาร์โค้ด สถานที่ สถานะ
1. วิทยาศาสตร์การแพทย์ และสุขภาพ
วิทยาศาสตร์การแพทย์ และสุขภาพ
นว. พ541ร  
  Barcode: 15781
ห้องสมุดวิทยาเขตสวรรค์ประชารักษ์
►นวนิยาย
บนชั้น
  ขอยืม

BibComment


ยังไม่เคยถูกคอมเมนท์

คอมเมนท์ทรัพยากรรายการนี้
  คอมเมนท์: รักในม่านใน พลอย..


 Copyright 2026. Bcnsprnw @Library